000
00297nam a22001217a 4500
082
_a
347.409549
_b
CON
245
_a
The Contract Act, (IX of 1872):
_b
book no.8 /
260
_a
Karachi :
_b
Pakistan Law House,
_c
N.A.
300
_a
75 p.
563
_a
PB.
650
_a
Law
_9
35302
942
_2
ddc
_c
BK
999
_c
613451
_d
613451